000168031 001__ 168031
000168031 005__ 20260123152959.0
000168031 0248_ $$2sideral$$a147590
000168031 037__ $$aART-2011-147590
000168031 041__ $$aspa
000168031 100__ $$aLópez-Zabala I.
000168031 245__ $$aRotura de la unión musculotendinosa distal del bíceps. A propósito de dos casos
000168031 260__ $$c2011
000168031 5203_ $$aLas roturas de la unión músculo-tendinosa son frecuentes en deportistas [1,2,3] aunque, en concreto, la del músculo bíceps braquial distales es muy rara y existen escasas referencias en la literatura [4]. Por el contrario, la avulsión del bíceps distal de la tuberosidad radial es una lesión frecuente [5,6,7,8,9] que puede ser confundida con una rotura músculo- tendinosa [4]. El objetivo de este trabajo es el de presentar
dos casos clínicos de rotura músculo-tendinosa del bíceps braquial distal, el tratamiento aplicado y efectuar una revisión de la literatura.
000168031 540__ $$9info:eu-repo/semantics/closedAccess$$aAll rights reserved$$uhttp://www.europeana.eu/rights/rr-f/
000168031 655_4 $$ainfo:eu-repo/semantics/article$$vinfo:eu-repo/semantics/publishedVersion
000168031 700__ $$aMuñoz-Mahamud, E.
000168031 700__ $$0(orcid)0000-0003-1114-4045$$aBallesteros, J.
000168031 700__ $$aFernández-Valencia, J.A.
000168031 773__ $$g22, 3 (2011), 164-167$$pPatol. apar. locomot. Fund. Mapfre Med.$$tPatología del aparato locomotor de la Fundación Mapfre Medicina$$x1696-5981
000168031 8564_ $$s106912$$uhttps://zaguan.unizar.es/record/168031/files/texto_completo.pdf$$yVersión publicada
000168031 8564_ $$s1736506$$uhttps://zaguan.unizar.es/record/168031/files/texto_completo.jpg?subformat=icon$$xicon$$yVersión publicada
000168031 909CO $$ooai:zaguan.unizar.es:168031$$particulos$$pdriver
000168031 951__ $$a2026-01-23-14:33:44
000168031 980__ $$aARTICLE